| 000 | 00573nam a2200205 a 4500 | ||
|---|---|---|---|
| 005 | 20210219152906.0 | ||
| 008 | 991125n 000 0 eng u | ||
| 035 | _aUPN01000065887 | ||
| 100 | _aPszczolkowski, Tadeusz | ||
| 222 | _aEDUCATIONAL MEDIA INTERNATIONAL | ||
| 245 | _aBasic assumptions and dilemmas of the polish educational system | ||
| 300 | _a229-234 | ||
| 362 | _a1992 29, No. 4 | ||
| 505 | _aJulio 1993 | ||
| 653 | 0 | _aCAMBIO SOCIAL | |
| 653 | 0 | _aDESARROLLO EDUCATIVO | |
| 653 | 0 | _aPRACTICAS EDUCATIVAS | |
| 904 |
_aAC _b003698 |
||
| 905 | _aArticulo | ||
| 999 |
_c63187 _d63187 |
||